| 000 | 00771nam a2200193 a 4500 | ||
|---|---|---|---|
| 008 | 201117s2010 ||||||||||||||||| || u | ||
| 020 | _a9780340884355 | ||
| 050 | _aPZ 7.M869647 | ||
| 100 | _aMuchamore, Robert | ||
| 245 | 1 | 0 |
_aMaximum security _cBy Robert Muchamore |
| 260 |
_aLondon _bHodder Children's Books _c2010 |
||
| 260 |
_aLondon _bHolder and Stoughton _c2010 |
||
| 300 | _a286 pages | ||
| 350 | _a19.37 | ||
| 490 | _aCherub | ||
| 650 | _aENGLISH LANGUAGE | ||
| 995 |
_aFICTION Collection _e750521 _FCBU-MAIN LIBRARY (Kitwe) _I19.37 _jPZ 7.M869647 _M2 _UAVAILABLE _WDec 11, 2020 _y750521 _ZFiction Collection |
||
| 995 |
_aFICTION Collection _e905215 _FCBU-SCHOOL OF MEDICINE LIBRARY (Ndola) _I19.78 _jPZ 7.M869647 _M1 _UAVAILABLE _WNov 20, 2020 _y905215 _ZFiction Collection |
||
| 999 |
_c82784 _d82784 |
||